LEADER 00780nam a2200253Ia 4500
008 240830s9999 xx 000 0 und d
020 |a 5-03-000610-9 
040 |a B-ESTELÍ- RUACS / 511.6 R485 
041 |a spa 
082 |a 511.6 R485 
100 1 |a Ribnikov, K. 
245 1 0 |a Análisis combinatorio 
260 |a URSS  |b Mir Moscú  |c 1988 
300 |a 368p:il 
650 7 |a ANÁLISIS COMBINATORIO 
650 7 |b  FUNDAMENTOS TEORICOS DE ANÁLISIS COMBINATORIO 
650 7 |c  FUNCIONES GENERALES 
650 7 |d  MÉTODOS LOGICOS 
650 7 |e  APARATO TABULAR DE MATRIZ DEL ANÁLISIS COMBINATORIO 
650 7 |f  MADIOS GEOMETRICOS Y GRAFICOS 
650 7 |g  ANÁLISIS COMBINATORIO EN LOS CONJUNTOS PARCIALMENTE ORDENADOS 
942 |c BK  |2 ddc 
991 |a TEXTO 
999 |c 10907